| 000 | 01463njm a22003377a 4500 | ||
|---|---|---|---|
| 005 | 20100920103439.0 | ||
| 007 | sd ammalaaahaa | ||
| 008 | 100904t xxu||||| |||| 00| 0 hin d | ||
| 028 |
_aECSD. 3005 _bHis Master's Voice |
||
| 028 |
_a2YJE. 1095 _bHis Master's Voice |
||
| 028 |
_a2YJE. 1096 _bHis Master's Voice |
||
| 035 | _aGR-013599 | ||
| 040 | _aSED/VEN | ||
| 100 |
_aAllah Jilai Bai _91184 |
||
| 245 |
_aSongs From Rajasthan (Part-1) _bRajasthani Folk / _cby Allah Jilai Bai; Music by Dayal Pawar _h[Sound Recording] : |
||
| 246 | _aसॉग्स फ्रॉम राजस्थान (अल्लाह जिलाई बाई) | ||
| 250 | _aP-1977 | ||
| 260 |
_aDum Dum, India : _bHis Master's Voice |
||
| 300 |
_a1 sound disc [Gramophone Recording] : _banalog, 33 1/3 rpm ; _c12 in. [LP] _fGramophone Records |
||
| 500 | _aBrief Records | ||
| 500 | _aRecord Lables: His Master's Voice, Red | ||
| 505 | _aSong Side-1; केसरिया बालम (अल्लाह जिलाई बाई), Song Side-2; झालो मासू दियो ना जाये (अल्लाह जिलाई बाई) Part 2 | ||
| 600 |
_aAllah Jilai Bai _920735 |
||
| 650 |
_aClassical Music _xExcerpts _zIndia _918309 |
||
| 700 | _918319 | ||
| 700 | _918320 | ||
| 700 | _919413 | ||
| 700 | _919439 | ||
| 942 |
_2ddc _cGR |
||
| 999 |
_c46857 _d46857 |
||